| 000 | 00706cam a2200193ua 4500 | ||
|---|---|---|---|
| 020 | _c2.00 | ||
| 041 |
_amal _h |
||
| 082 |
_a947.0841 _bGOR/LE |
||
| 100 | _aGorki, Maxim . | ||
| 110 | 1 |
_a . _b _c() |
|
| 245 |
_aLeninte koode / _cMaxim Gorki. _hTextual Documents |
||
| 250 |
_a1 / _b. |
||
| 260 |
_aEranakulam : _bPrabhath Book House , _c1968. |
||
| 300 | _a107 ; . | ||
| 365 | _a2.00 | ||
| 504 | _a | ||
| 942 | _cBK | ||
| 999 |
_c6586 _d6586 |
||